| 000 | 04053nkm0a2200577 4500 | ||
|---|---|---|---|
| 001 | RU\NLR\BIBL_A\011177381 | ||
| 005 | 20260204000000.0 | ||
| 020 |
_aRU _b173 _9Ленинградские "Окна ТАСС" 1941-1945 : из собрания Отдела эстампов Российской национальной библиотеки : иллюстрированный каталог / Рос. нац. б-ка ; [сост.: М. Ю. Мельникова и др. ; авт. вступ. ст. и биогр. материалов: И. В. Селиванова]. - Санкт-Петербург: Изд-во Российской национальной библиотеки, 2015 |
||
| 035 | _a(NLR Aleph) 011177381 | ||
| 071 | 5 | 0 |
_d6 руб. _95000 |
| 090 |
_a74396 _c74396 |
||
| 100 | _a20160718j1945 u y0rusy50 ca | ||
| 101 | 0 | _arus | |
| 102 | _aRU | ||
| 116 | _aiiycxx bf ad | ||
| 135 | _acrcn 024anaba | ||
| 200 | 1 |
_aС Победой! _bИзоматериал _eСлава нашей героической Красной Армии, отстоявшей независимость нашей Родины, завоевавшей победу над врагом! (И. Сталин) _e[плакат] _fхудожник В. Слыщенко |
|
| 210 |
_a[Ленинград] _d1945 _g2-я ф-ка Деткниги |
||
| 215 |
_a1 л. _cхромолитография _d83х55,7 |
||
| 225 | 1 |
_aОкно ТАСС _iЛенинград _v1945, № 21 (июнь) |
|
| 325 | 1 | _aКопия доступна в электронной библиотеке РНБ | |
| 517 | 1 | _aСлава нашей героической Красной Армии, отстоявшей независимость нашей Родины, завоевавшей победу над врагом! (И. Сталин) | |
| 540 | 1 | _aСлава доблестной Красной Армии! | |
| 606 | 1 |
_aПлакат русский советский _z1941 - 1945 _yЛенинград, город _2nlr-sh2 _3RU\NLR\AUTH\661571886 |
|
| 606 | 1 |
_aВеликая Отечественная война _z1941 - 1945 _jПлакаты _2nlr-sh1 _2nlr-sh2 _3RU\NLR\AUTH\668893 |
|
| 606 | 1 |
_aПраздник Победы _jПлакаты _2nlr_sh1 _2nlr_sh2 _3RU\NLR\AUTH\66365192 |
|
| 686 | 0 | _aЩ153(2Р=Рус)7-466 | |
| 700 | 1 |
_aСлыщенко _bВ. С. _f1905-1991 _gВиктор Сергеевич _4040 |
|
| 702 | 1 |
_aСталин _bИ. В. _f1879-1953 _gИосиф Виссарионович _3RU\NLR\AUTH\773464 _4072 |
|
| 712 | 0 | 2 |
_aТелеграфное агентство СССР _bРедакция военно-оборонного плаката "Окна ТАСС" _3RU\NLR\AUTH\8810071442 _4570 |
| 712 | 0 | 2 |
_aТелеграфное агентство СССР _bЛенинградское областное отделение _3RU\NLR\AUTH\885717 _4570 |
| 852 |
_aNLR _bЭ _jПлИр995/ОКТЛ-45 _mЭ045865 |
||
| 852 |
_aNLR _bЭ _jПлИр995/ОКТЛ-45 _mЭ044737 |
||
| 856 | 0 | _uhttp://vivaldi.nlr.ru/la000010563/view | |
| 856 | 0 | _uhttp://vivaldi.nlr.ru/la700001251/view | |
| 856 | 1 | _uhttp://vivaldi.nlr.ru/la000010563/cover | |
| 856 | 1 | _uhttp://vivaldi.nlr.ru/la700001251/cover | |
| 856 | 2 | _uhttp://vivaldi.nlr.ru/la000010563/text | |
| 856 | 2 | _uhttp://vivaldi.nlr.ru/la700001251/text | |
| 901 | _eИзографические материалы | ||
| 901 | _eИзографические материалы | ||
| 942 | _cVISUAL | ||
| 945 | _aРоссийская национальная библиотека | ||
| 980 | _aNB | ||
| 980 | _aNB | ||
| 980 | _aBV | ||
| 981 | 3 | 7 | _a(37) Ленинград в Великой Отечественной войне |
| 981 | 1 | 7 |
_a(17) Изографические материалы _b(17) Плакаты |